书目信息 |
| 题名: |
药物与毒物分析技术
|
|
| 作者: | 罗国安 主编 | |
| 分册: | ||
| 出版信息: | 北京 化学工业出版社 2007 |
|
| 页数: | 362页 | |
| 开本: | 26cm | |
| 丛书名: | ||
| 单 册: | ||
| 中图分类: | R917 , R991 | |
| 科图分类: | ||
| 主题词: | 药物分析 , 毒物--化学分析 , 毒物 , 化学分析 | |
| 电子资源: | ||
| ISBN: | 978-7-122-00499-4 | |
| 000 | 00977nam0 2200289 450 | |
| 001 | 003549707 | |
| 005 | 20080303092136.35 | |
| 010 | @a978-7-122-00499-4@dCNY49.00 | |
| 035 | @a003549707 | |
| 100 | @a20070327d2007 em y0chiy0110 ea | |
| 101 | 0 | @achi |
| 102 | @aCN@b110000 | |
| 105 | @ay z 000yy | |
| 106 | @ar | |
| 200 | 1 | @a药物与毒物分析技术@Ayao wu yu du wu fen xi ji shu@f罗国安主编 |
| 210 | @a北京@c化学工业出版社@d2007 | |
| 215 | @a362页@d26cm | |
| 330 | @a本书包括现代药物分析和毒物分析两方面内容。在现代药物与毒物分析的方法和技术中,从分析仪器的角度,做了较全面深入的论述,并注重仪器和技术的最新进展及其在药物、毒物分析中的应用,分析仪器和技术包括常见的光谱、色谱、质谱、核磁、电化学和芯片技术及其联用技术。 | |
| 606 | 0 | @a药物分析 |
| 606 | 0 | @a毒物@x化学分析 |
| 606 | 0 | @a毒物 |
| 606 | 0 | @a化学分析 |
| 690 | @aR917@v4 | |
| 690 | @aR991@v4 | |
| 701 | 0 | @a罗国安@Aluo guo an@c(医药学)@4主编 |
| 801 | 0 | @aCN@bNLC@c20080303 |
| 905 | @dR917@e74@f4 | |
| 药物与毒物分析技术/罗国安主编.-北京:化学工业出版社,2007 |
| 362页;26cm |
| ISBN 978-7-122-00499-4:CNY49.00 |
| 本书包括现代药物分析和毒物分析两方面内容。在现代药物与毒物分析的方法和技术中,从分析仪器的角度,做了较全面深入的论述,并注重仪器和技术的最新进展及其在药物、毒物分析中的应用,分析仪器和技术包括常见的光谱、色谱、质谱、核磁、电化学和芯片技术及其联用技术。 |
| ● |
| 相关链接 |
|
|
|
|
正题名:药物与毒物分析技术
索取号:R917/74
 
预约/预借
| 序号 | 登录号 | 条形码 | 馆藏地/架位号 | 状态 | 备注 |
| 1 | 0614731 | 206147310 | 第二样本阅览室/ [索取号:R917/74] | 在馆 | |
| 2 | 0614732 | 206147329 | 第三借阅区/ [索取号:R917/74] | 在馆 | |
| 3 | 0614733 | 206147338 | 第三借阅区/ [索取号:R917/74] | 在馆 | |
| 4 | 0614734 | 206147347 | 第三借阅区/ [索取号:R917/74] | 在馆 |